000 00892nam a22002897a 4500
003 CHAP
005 20220817041309.0
008 971013s1977 r 00010 d
010 _a10663
011 _a11635
035 _a10874
040 _cCHAP
082 _a636.085
_bB3
100 0 0 _aBaker, David H.
_99533
245 _aSulfur in nonruminant nutrition; literature review
260 _aIowa :
_bNational Feed Ingredients Association,
_c1977
300 _a173 h.
_b: ilus
590 _aBATCH-UPD
_b10
_c20130110
_lUCH01
_h1546
590 _aBATCH-UPD
_b10
_c20130410
_lUCH01
_h0945
590 _aBATCH-UPD
_b10
_c20130914
_lUCH01
_h0514
590 _aCONVERSION
_b10
_c20130109
_lUCH01
_h1307
650 1 4 _aAzufre en nutrición animal.
_99223
650 1 4 _aNutrición animal.
901 _aBK
942 _cLIBRO
949 _a636.085 B3
_bBC
_cLIBRO
_d33724000256236
_eLIBRO
_h59323
_i10874
_si
999 _c10663
_d10663